000 01102nam a22003257a 4500
005 20110615154151.0
008 110615t xxu||||| |||| 00| 0 eng d
010 _aENG-102616
020 _c900.00
_a9788184841008
035 _aEN-86149
037 _bDBAD / PUB
040 _adpl
_bEnglish
082 _a332.106880954
100 _928493
_aArora, Usha
110 _928532
245 _aManagement of credit schemes in banks /
_cby Usha Arora [and] Monica Bansal
260 _aNew Delhi
_bRegal Publications
_c2011
270 _aF-159, Rajouri Garden
_bNew Delhi
_e110027
_k45546396
300 _axvi,232p.
_c22cm (Hb)
500 _aIncludes bibliographical references and index
600 _928594
610 _928529
650 _928580
651 _928530
700 _928520
_aBansal, Monica
710 _928535
942 _2ddc
_cEN
_mARO
_h332.106880954
999 _c52923
_d52923